Click the Movie Title Ending #4 - Statistics

General Stats
  • This quiz has been taken 116 times
    93 since last reset
  • The average score is 16 of 24
Answer Stats
Hint Answer % Correct
Notting Hill
98%
Finding Nemo
97%
Sin City
95%
Hotel Rwanda
92%
Captain Marvel
90%
Rain Man
88%
Slumdog Millionaire
88%
Brief Encounter
82%
Cape Fear
78%
Black Swan
75%
True Grit
70%
American Beauty
68%
Past Lives
68%
Ed Wood
68%
Hidden Figures
58%
Beautiful Boy
55%
Moonrise Kingdom
55%
Bottle Rocket
53%
Wild Strawberries
45%
Eastern Promises
33%
Deep Red
32%
American Hustle
30%
Real Genius
25%
Red Desert
23%
No matching quizzes found
Score Distribution
Percent of People with Each Score
Percentile by Number Answered
Your Score History
You have not taken this quiz since the last reset